| 000 | 00416nam a2200157Ia 4500 | ||
|---|---|---|---|
| 008 | 160316s1998 xxu||||| |||| 00| 0 eng d | ||
| 082 |
_a338.100000 _bPIN |
||
| 100 | _aPinto Vivek | ||
| 245 | _aGandhi's vision and values : The moral quest for change in Indian agriculture | ||
| 250 | _a | ||
| 260 |
_aNew Delhi _bSage Publications _c1998 |
||
| 300 |
_a176p _b _c |
||
| 365 | _bRs.295 | ||
| 650 | _a | ||
| 700 |
_a _a |
||
| 999 |
_c13900 _d13900 |
||